| 000 | 00383pab a2200157 454500 | ||
|---|---|---|---|
| 008 | 180718b2001 xxu||||| |||| 00| 0 eng d | ||
| 100 | _aSeaford, Helen | ||
| 245 | _aChildren and childhood: perceptions and realities | ||
| 260 | _c2001 | ||
| 300 | _ap.454-65 | ||
| 362 | _aOct-Dec | ||
| 650 | _aChildhood | ||
| 650 | _aChildren | ||
| 773 | _aPolitical Quarterly | ||
| 909 | _a50809 | ||
| 999 |
_c50809 _d50809 |
||